000 00662cam a2200181 i 4500
005 20260301125822.0
008 250721s2010 xx gr 000 0 ara d
082 1 4 _a415.1
_bم ل ا
100 1 _aالملاح، ياسر
_eمؤلف.
245 1 2 _aالنظام النحوي في اللغة العربية /
_cالأٍتاذ الدكتور ياسر الملاح.
250 _aالطبعة الثانية.
264 3 1 _aالقدس :
_bدار البيرق للنشر و التوزيع،
_c2010.
300 _a210 صفحة.
650 1 7 _aقواعد اللغة.
650 1 7 _aاللغة العربية.
942 _2ddc
_cBK
999 _c245304
_d245304